Score 0/25 Timer 05:00
2 Plays Today
Quote Wrong Word % Correct
I love the feel of napalm in the morning.???
92%
Nobody sticks Baby in a corner.???
89.4%
I'll have what she's drinking.???
87%
Mrs. Robinson, you're trying to tempt me, aren't you????
86.2%
You can't accept the truth.???
85.8%
What we've got here is inability to communicate.???
79.6%
I ate his liver with some fava beans and a nice Rosé.???
75.3%
We're on a mission for God.???
74.8%
And in the morning, I'm making muffins!???
72.4%
I bet you can squirm like a pig.???
70.9%
Hey! Is this heaven? - No, it's Idaho.???
66.4%
We all go a little cuckoo sometimes.???
65.9%
Your mother was a gerbil and your father smelt of elderberries.???
65.3%
Quote Wrong Word % Correct
Check out the big head on Brett.???
65.2%
I'm not mean. I'm just drawn that way.???
65.1%
Excuse me while I pull this out.???
63.9%
I gave her my heart and she gave me a letter.???
59.3%
I have breasts, Greg. Could you milk me????
59%
Joey, do you like movies about Romans.???
58.9%
I can't believe I gave my bra to a geek.???
56.1%
Open the bomb bay doors, please, HAL.???
53.6%
'Do I feel lucky?' Well, do ya, kid????
48.5%
Fat, drunk, and stoned is no way to go through life, son.???
48.1%
General, you can't fight in here. This is the War Room.???
44.6%
Take your filthy paws off me, you damned dirty ape.???
30.1%
Remove Ads.
Support Sporcle.
Get the best of Sporcle when you Go Orange. This ad-free experience offers more features, more stats, and more fun while also helping to support Sporcle. Thank you for becoming a member.

You're not logged in!

Compare scores with friends on all Sporcle quizzes.
OR
Log In

Show Comments

Extras

Top Quizzes Today


Score Distribution

Your Account Isn't Verified!

In order to create a playlist on Sporcle, you need to verify the email address you used during registration. Go to your Sporcle Settings to finish the process.

Report this User

Report this user for behavior that violates our Community Guidelines.

Details: